000 00496nam a2200217Ia 4500
003 OSt
005 20230110103554.0
008 210210b xxu||||| |||| 00| 0 eng d
040 _cAL
041 _aeng
082 _a539/10
100 _aBREWSTER (David K H)
_969044
245 _aLetters on natural magic
260 _aLondon
_bJohn Murray
_c1838
300 _a351
650 _aSoap
_969045
650 _abubbles
_969046
690 _aPhysics
_969047
906 _a009026
942 _2ddc
_cBK
999 _c127773
_d127773